000 00454nam a22001577a 4500
005 20250515163015.0
008 250515b |||||||| |||| 00| 0 eng d
020 _a8185502560
050 _aHD 31 GRI
_b1
100 _aGRIFFIN, W. Ricky
245 _aGriffin's fundamentals of management:
_bCore concepts and applications
260 _aBoston
_bHougton Mifflin Company
_c2000c
300 _axxvii,466p
_bpic.
500 _apic. index
942 _2lcc
_cBK
_n0
999 _c5795
_d5795